000 00679nam a2200169 4500
999 _c16281
_d16281
008 211104b ||||| |||| 00| 0 eng d
022 _a0732-8435
082 _aDPer 657.05 C33 Apr - Sept 2016, v86 n4-9
100 _aPandit, Ganesh M.
_943620
245 _aThe current state of sustainability reporting by smaller S&P 500 companies:
_bwhat do business choose to disclose?
_cGanesh M. Pandit and Allen J. Rubenfield.
260 _aNew York:
_bThe New York State Society of CPA,
_c©2016.
300 _av86 n6, pages 52-57:
_billustrations;
_c28 cm.
500 _aThe CPA Journal
650 _aBusiness.
_943621
700 _aRubenfield, A. J.
_eAuthor.
_943622
942 _2ddc
_cPER